Yolande Cohen, Profession Infirmière. Une histoire des soins dans les hôpitaux du Québec, Montréal, Les Presses de l’Université de Montréal, 2000, 320 p. (notice n° 1632712)

détails MARC
000 -LEADER
fixed length control field 00807cam a2200157 4500500
005 - DATE AND TIME OF LATEST TRANSACTION
control field 20260111113228.0
041 ## - LANGUAGE CODE
Language code of text/sound track or separate title fre
042 ## - AUTHENTICATION CODE
Authentication code dc
100 10 - MAIN ENTRY--PERSONAL NAME
Personal name Weill, Claudie
Relator term author
245 00 - TITLE STATEMENT
Title Yolande Cohen, Profession Infirmière. Une histoire des soins dans les hôpitaux du Québec, Montréal, Les Presses de l’Université de Montréal, 2000, 320 p.
260 ## - PUBLICATION, DISTRIBUTION, ETC.
Date of publication, distribution, etc. 2001.<br/>
500 ## - GENERAL NOTE
General note 68
520 ## - SUMMARY, ETC.
Summary, etc. En partant de la Conférence d’introduction à la psychanalyse de Bernard Bensidoun pour la Société psychanalytique de Paris, Shirley Leong revient sur le traumatisme à l’adolescence.
786 0# - DATA SOURCE ENTRY
Note L'Homme & la Société | 139 | 1 | 2001-03-01 | p. 145o-170o | 0018-4306
856 41 - ELECTRONIC LOCATION AND ACCESS
Uniform Resource Identifier <a href="https://shs.cairn.info/revue-l-homme-et-la-societe-2001-1-page-145o?lang=fr&redirect-ssocas=7080">https://shs.cairn.info/revue-l-homme-et-la-societe-2001-1-page-145o?lang=fr&redirect-ssocas=7080</a>

Pas d'exemplaire disponible.

PLUDOC

PLUDOC est la plateforme unique et centralisée de gestion des bibliothèques physiques et numériques de Guinée administré par le CEDUST. Elle est la plus grande base de données de ressources documentaires pour les Étudiants, Enseignants chercheurs et Chercheurs de Guinée.

Adresse

627 919 101/664 919 101

25 boulevard du commerce
Kaloum, Conakry, Guinée

Réseaux sociaux

Powered by Netsen Group @ 2025